Statistics for Fotbolls-VM 2022 – alla lag

Click here to take the quiz!

General Stats

  • This quiz has been taken 50 times
    (36 since last reset)
  • The average score is 22 of 32

Answer Stats

GruppLand% Correct
Grupp CArgentina
89%
Grupp BEngland
89%
Grupp DFrankrike
89%
Grupp BFörenta staterna
85%
Grupp ESpanien
85%
Grupp DDanmark
81%
Grupp FMarocko
81%
Grupp CPolen
81%
Grupp ETyskland
81%
Grupp GBrasilien
78%
Grupp CMexiko
78%
Grupp HPortugal
78%
Grupp AQatar
78%
Grupp EJapan
74%
Grupp ANederländerna
74%
Grupp CSaudiarabien
74%
Grupp BWales
74%
Grupp FKroatien
70%
Grupp DAustralien
67%
Grupp BIran
67%
Grupp HSydkorea
63%
Grupp FBelgien
59%
Grupp ECosta Rica
59%
Grupp ASenegal
59%
Grupp GSchweiz
56%
Grupp DTunisien
56%
Grupp GSerbien
52%
Grupp HUruguay
52%
Grupp AEcuador
48%
Grupp FKanada
48%
Grupp HGhana
41%
Grupp GKamerun
33%

Score Distribution

Percentile by Number Answered

Percent of People with Each Score

Your Score History

You have not taken this quiz since the last reset